<?xml version="1.0" encoding="UTF-8"?>
<record
    xmlns:xsi="http://www.w3.org/2001/XMLSchema-instance"
    xsi:schemaLocation="http://www.loc.gov/MARC21/slim http://www.loc.gov/standards/marcxml/schema/MARC21slim.xsd"
    xmlns="http://www.loc.gov/MARC21/slim">

  <leader>00501nam a22001697a 4500</leader>
  <controlfield tag="003">OSt</controlfield>
  <controlfield tag="008">200715b           ||||| |||| 00| 0 eng d</controlfield>
  <datafield tag="020" ind1=" " ind2=" ">
    <subfield code="a">9789387964525</subfield>
  </datafield>
  <datafield tag="082" ind1=" " ind2=" ">
    <subfield code="a">615.4 CAT</subfield>
  </datafield>
  <datafield tag="100" ind1=" " ind2=" ">
    <subfield code="a">Carter , S.J</subfield>
  </datafield>
  <datafield tag="245" ind1=" " ind2=" ">
    <subfield code="a">Cooper and Gunn&#x2019;s: Tutorial pharmacy</subfield>
  </datafield>
  <datafield tag="250" ind1=" " ind2=" ">
    <subfield code="a">2005</subfield>
  </datafield>
  <datafield tag="260" ind1=" " ind2=" ">
    <subfield code="a">New Delhi</subfield>
    <subfield code="b">CBS Publishers &amp; Distributors Pvt. Ltd.</subfield>
    <subfield code="c">2005</subfield>
  </datafield>
  <datafield tag="300" ind1=" " ind2=" ">
    <subfield code="a">ix,469</subfield>
  </datafield>
  <datafield tag="650" ind1=" " ind2=" ">
    <subfield code="a">Pharmaceutics- Drug Delivery Systems,Pharmaceutical Engineering regulraty Science</subfield>
  </datafield>
  <datafield tag="942" ind1=" " ind2=" ">
    <subfield code="2">ddc</subfield>
    <subfield code="c">BK</subfield>
  </datafield>
  <datafield tag="999" ind1=" " ind2=" ">
    <subfield code="c">9075</subfield>
    <subfield code="d">9075</subfield>
  </datafield>
  <datafield tag="952" ind1=" " ind2=" ">
    <subfield code="0">0</subfield>
    <subfield code="1">0</subfield>
    <subfield code="2">ddc</subfield>
    <subfield code="4">0</subfield>
    <subfield code="7">0</subfield>
    <subfield code="8">BP</subfield>
    <subfield code="a">PIET</subfield>
    <subfield code="b">PIET</subfield>
    <subfield code="d">2020-02-01</subfield>
    <subfield code="e">Kirti Prakashan</subfield>
    <subfield code="f">Indian Rup</subfield>
    <subfield code="g">475.00</subfield>
    <subfield code="k">IN6239</subfield>
    <subfield code="l">1</subfield>
    <subfield code="o">615.4 CAT</subfield>
    <subfield code="p">BP683</subfield>
    <subfield code="r">2022-04-05 00:00:00</subfield>
    <subfield code="s">2022-01-17</subfield>
    <subfield code="v">306.38</subfield>
    <subfield code="w">2020-02-01</subfield>
    <subfield code="y">BK</subfield>
  </datafield>
  <datafield tag="952" ind1=" " ind2=" ">
    <subfield code="0">0</subfield>
    <subfield code="1">0</subfield>
    <subfield code="2">ddc</subfield>
    <subfield code="4">0</subfield>
    <subfield code="7">0</subfield>
    <subfield code="8">BP</subfield>
    <subfield code="a">PIET</subfield>
    <subfield code="b">PIET</subfield>
    <subfield code="d">2020-02-01</subfield>
    <subfield code="e">Kirti Prakashan</subfield>
    <subfield code="f">Indian Rup</subfield>
    <subfield code="g">475.00</subfield>
    <subfield code="k">IN6239</subfield>
    <subfield code="l">2</subfield>
    <subfield code="o">615.4 CAT</subfield>
    <subfield code="p">BP684</subfield>
    <subfield code="r">2024-01-05 00:00:00</subfield>
    <subfield code="s">2023-12-05</subfield>
    <subfield code="v">306.38</subfield>
    <subfield code="w">2020-02-01</subfield>
    <subfield code="y">BK</subfield>
  </datafield>
  <datafield tag="952" ind1=" " ind2=" ">
    <subfield code="0">0</subfield>
    <subfield code="1">0</subfield>
    <subfield code="2">ddc</subfield>
    <subfield code="4">0</subfield>
    <subfield code="7">0</subfield>
    <subfield code="8">BP</subfield>
    <subfield code="a">PIET</subfield>
    <subfield code="b">PIET</subfield>
    <subfield code="d">2022-11-01</subfield>
    <subfield code="e">Kirthi Prakashan</subfield>
    <subfield code="f">Indian Rup</subfield>
    <subfield code="g">550.00</subfield>
    <subfield code="k">IN3266</subfield>
    <subfield code="l">1</subfield>
    <subfield code="o">615.4 CAT</subfield>
    <subfield code="p">BP1670</subfield>
    <subfield code="r">2022-02-23 00:00:00</subfield>
    <subfield code="s">2022-02-23</subfield>
    <subfield code="v">357.50</subfield>
    <subfield code="w">2022-01-11</subfield>
    <subfield code="y">REF</subfield>
  </datafield>
  <datafield tag="952" ind1=" " ind2=" ">
    <subfield code="0">0</subfield>
    <subfield code="1">0</subfield>
    <subfield code="2">ddc</subfield>
    <subfield code="4">0</subfield>
    <subfield code="7">0</subfield>
    <subfield code="8">BP</subfield>
    <subfield code="a">PIET</subfield>
    <subfield code="b">PIET</subfield>
    <subfield code="d">2022-11-01</subfield>
    <subfield code="e">Kirthi Prakashan</subfield>
    <subfield code="f">Indian Rup</subfield>
    <subfield code="g">550.00</subfield>
    <subfield code="k">IN3266</subfield>
    <subfield code="l">0</subfield>
    <subfield code="o">615.4 CAT</subfield>
    <subfield code="p">BP1671</subfield>
    <subfield code="r">2022-01-15 00:00:00</subfield>
    <subfield code="v">357.50</subfield>
    <subfield code="w">2022-01-11</subfield>
    <subfield code="y">BK</subfield>
  </datafield>
  <datafield tag="952" ind1=" " ind2=" ">
    <subfield code="0">0</subfield>
    <subfield code="1">0</subfield>
    <subfield code="2">ddc</subfield>
    <subfield code="4">0</subfield>
    <subfield code="7">0</subfield>
    <subfield code="8">BP</subfield>
    <subfield code="a">PIET</subfield>
    <subfield code="b">PIET</subfield>
    <subfield code="d">2022-11-01</subfield>
    <subfield code="e">Kirthi Prakashan</subfield>
    <subfield code="f">Indian Rup</subfield>
    <subfield code="g">550.00</subfield>
    <subfield code="k">IN3266</subfield>
    <subfield code="l">0</subfield>
    <subfield code="o">615.4 CAT</subfield>
    <subfield code="p">BP1672</subfield>
    <subfield code="r">2022-01-15 00:00:00</subfield>
    <subfield code="v">357.50</subfield>
    <subfield code="w">2022-01-11</subfield>
    <subfield code="y">BK</subfield>
  </datafield>
</record>
